000
00374nam a2200133Ia 4500
003
GCL
008
140319s9999 xx 000 0 ara d
040
_a
GCL /
_c
GCL
082
0
4
_a
229.5
_b
ا ا
245
1
0
_a
ابراهيم عليه السلام ودعوته فى القران الكريم
260
_a
[S.N] :
_b
دار المنار ،
_c
1986
300
_a
232 ص
490
_a
999
_c
35518
_d
35518